Computer Organization and Architecture (Record no. 7846)
[ view plain ]
| 000 -LEADER | |
|---|---|
| fixed length control field | 00332nam a2200133Ia 4500 |
| 008 - FIXED-LENGTH DATA ELEMENTS--GENERAL INFORMATION | |
| fixed length control field | 191201s2012 xx 000 0 und d |
| 082 ## - DEWEY DECIMAL CLASSIFICATION NUMBER | |
| Classification number | 004.22 |
| Item number | STC |
| 100 ## - MAIN ENTRY--PERSONAL NAME | |
| Personal name | STALLINGS, William |
| 245 #0 - TITLE STATEMENT | |
| Title | Computer Organization and Architecture |
| 250 ## - EDITION STATEMENT | |
| Edition statement | 8th |
| 260 ## - PUBLICATION, DISTRIBUTION, ETC. (IMPRINT) | |
| Date of publication, distribution, etc | 2012 |
| Name of publisher, distributor, etc | pearson |
| Place of publication, distribution, etc | NEW DELHI |
| 300 ## - PHYSICAL DESCRIPTION | |
| Extent | 792 |
| 942 ## - ADDED ENTRY ELEMENTS (KOHA) | |
| Source of classification or shelving scheme | Dewey Decimal Classification |
| Koha item type | Text Books |
| 942 ## - ADDED ENTRY ELEMENTS (KOHA) | |
| -- | 2 |
| Withdrawn status | Lost status | Source of classification or shelving scheme | Damaged status | Not for loan | Collection code | Home library | Current library | Date acquired | Source of acquisition | Cost, normal purchase price | Bill Number | Total Checkouts | Full call number | Acc. no. / Barcode | Date last seen | Actual Cost, discounted price | Bill Date | Koha item type | Date last borrowed |
|---|---|---|---|---|---|---|---|---|---|---|---|---|---|---|---|---|---|---|---|
| Dewey Decimal Classification | BCA | PIET C-LIBRARY | PIET C-LIBRARY | 31/08/2013 | IBH, New Delhi | 550.00 | 9603 | 004.22 STC | BC472 | 04/12/2019 | 396.00 | 31/08/2013 | Text Books | ||||||
| Dewey Decimal Classification | BCA | PIET C-LIBRARY | PIET C-LIBRARY | 31/08/2013 | IBH, New Delhi | 550.00 | 9603 | 1 | 004.22 RAC | BC473 | 28/12/2020 | 396.00 | 31/08/2013 | Text Books | 10/12/2020 | ||||
| Dewey Decimal Classification | BCA | PIET C-LIBRARY | PIET C-LIBRARY | 31/08/2013 | IBH, New Delhi | 550.00 | 9603 | 004.22 STC | BC474 | 04/12/2019 | 396.00 | 31/08/2013 | Text Books | ||||||
| Dewey Decimal Classification | BCA | PIET C-LIBRARY | PIET C-LIBRARY | 31/08/2013 | IBH, New Delhi | 550.00 | 9603 | 2 | 004.22 STC | BC475 | 08/11/2023 | 396.00 | 31/08/2013 | Text Books | 25/10/2023 | ||||
| Dewey Decimal Classification | BCA | PIET C-LIBRARY | PIET C-LIBRARY | 31/08/2013 | IBH, New Delhi | 550.00 | 9603 | 004.22 STC | BC476 | 04/12/2019 | 396.00 | 31/08/2013 | Text Books |